000 00484nam a2200169 4500
001 115926
003 ES-MaACL
005 20230906190607.0
007 t|
008 061121s1907 sp r ||||1| spa d
100 1 _aPan de Soraluce, José.
_988738
245 1 3 _aLa Ciudad encantada /
_cJosé Pan de Soraluce.
260 _aLa Coruña :
_b[s.n.],
_c1907 (
_fTip. El Noroeste)
300 _a325 p. ;
_c21 cm.
500 _aPrecede al tit. : Micromegas.
852 _aES-MaACL
_jA-4041
999 _c115926
_d115926